MARC

LEADER 00000nam0a2200000 4500
001 149544
005 20231101221430.0
035 |a (RuTPU)RU\TPU\book\162125 
090 |a 149544 
100 |a 20081217d1982 k y0rusy50 ca 
101 0 |a rus 
102 |a RU 
105 |a a z 001zy 
200 1 |a Основы расчета импульсных ксеноновых ламп  |f С. И. Андреев, Н. Ф. Ивасенко 
210 |a Томск  |c Изд-во Томского ун-та  |d 1982 
215 |a 153 с.  |c ил. 
320 |a Библиогр.: с. 145-152. 
606 |a Газосветные лампы  |x Катоды  |2 stltpush  |3 (RuTPU)RU\TPU\subj\5207  |9 33338 
610 1 |a расчет 
610 1 |a ксеноновые лампы 
610 1 |a импульсные лампы 
675 |a 621.327  |v 3 
700 1 |a Андреев  |b С. И.  |g Сергей Иванович 
701 1 |a Ивасенко  |b Н. Ф.  |g Нина Федоровна 
801 1 |a RU  |b 63413507  |c 20081217  |g PSBO 
801 2 |a RU  |b 63413507  |c 20210903  |g PSBO 
942 |c BK